Score 0/14 Timer 01:30
1 Play Today
Country % Correct
Egypt
93.4%
Sudan
81.4%
Chad
80.9%
South Sudan
77.1%
Niger
71.8%
Madagascar
71.7%
Central African Republic
65.6%
Country % Correct
Benin
65.2%
Cameroon
62.1%
Gabon
61.1%
Senegal
58.7%
Comoros
55.2%
Seychelles
54.7%
Mauritius
53.1%
Remove Ads.
Support Sporcle.
Get the best of Sporcle when you Go Orange. This ad-free experience offers more features, more stats, and more fun while also helping to support Sporcle. Thank you for becoming a member.

You're not logged in!

Compare scores with friends on all Sporcle quizzes.
OR
Log In

Show Comments

Extras

Top Quizzes Today


Score Distribution

Your Account Isn't Verified!

In order to create a playlist on Sporcle, you need to verify the email address you used during registration. Go to your Sporcle Settings to finish the process.

Report this User

Report this user for behavior that violates our Community Guidelines.

Details: